[Event "Torneo de Navidad Base y Senior - Casino Primitivo"]
[Site "Calle Maestra 3 (Palacio de Cultura) - Jaén, Spain"]
[Date "2023.12.16"]
[Round "4.1"]
[White "Blanca Almagro, Miguel Angel"]
[Black "Alvarez Fernandez, Carlos Rene"]
[Result "0-1"]
[TimeControl "10´ + 5\""]
[WhiteFideId "2245051"]
[BlackFideId "3501507"]
[WhiteElo "1776"]
[BlackElo "2298"]

1. d4 {[%clk 00:10:06]} {[%emt 00:00:03]} Nf6 {[%clk 00:09:59]} {[%emt
00:00:12]} 2. Nf3 {[%clk 00:10:07]} {[%emt 00:00:04]} g6 {[%clk 00:09:58]}
{[%emt 00:00:06]} 3. c4 {[%clk 00:10:08]} {[%emt 00:00:05]} Bg7 {[%clk
00:10:01]} {[%emt 00:00:02]} 4. Nc3 {[%clk 00:10:11]} {[%emt 00:00:02]} O-O
{[%clk 00:10:04]} {[%emt 00:00:02]} 5. Bf4 {[%clk 00:10:03]} {[%emt 00:00:13]}
c5 {[%clk 00:09:53]} {[%emt 00:00:16]} 6. e3 {[%clk 00:10:05]} {[%emt
00:00:03]} Qa5 {[%clk 00:09:38]} {[%emt 00:00:19]} 7. Qd2 {[%clk 00:10:06]}
{[%emt 00:00:04]} d6 {[%clk 00:09:27]} {[%emt 00:00:16]} 8. Be2 {[%clk
00:10:08]} {[%emt 00:00:03]} Nc6 {[%clk 00:09:22]} {[%emt 00:00:10]} 9. d5
{[%clk 00:10:00]} {[%emt 00:00:12]} Nb8 {[%clk 00:09:23]} {[%emt 00:00:04]} 10.
O-O {[%clk 00:10:03]} {[%emt 00:00:03]} a6 {[%clk 00:09:24]} {[%emt 00:00:04]}
11. h3 {[%clk 00:10:03]} {[%emt 00:00:05]} b5 {[%clk 00:09:23]} {[%emt
00:00:06]} 12. cxb5 {[%clk 00:09:11]} {[%emt 00:00:57]} Nbd7 {[%clk 00:09:24]}
{[%emt 00:00:03]} 13. a4 {[%clk 00:08:16]} {[%emt 00:01:01]} axb5 {[%clk
00:09:02]} {[%emt 00:00:27]} 14. Bxb5 {[%clk 00:08:17]} {[%emt 00:00:04]} Ba6
{[%clk 00:08:58]} {[%emt 00:00:09]} 15. Rfd1 {[%clk 00:07:51]} {[%emt
00:00:31]} Rfb8 {[%clk 00:08:32]} {[%emt 00:00:31]} 16. Qd3 {[%clk 00:07:35]}
{[%emt 00:00:21]} Ne8 {[%clk 00:06:46]} {[%emt 00:01:51]} 17. Qe4 {[%clk
00:07:03]} {[%emt 00:00:37]} Bxb5 {[%clk 00:06:25]} {[%emt 00:00:26]} 18. axb5
{[%clk 00:06:56]} {[%emt 00:00:13]} Qxa1 {[%clk 00:06:27]} 19. Rxa1 {[%clk
00:07:00]} Rxa1+ {[%clk 00:06:31]} {[%emt 00:00:02]} 20. Kh2 {[%clk 00:07:04]}
Kf8 {[%clk 00:06:14]} {[%emt 00:00:22]} 21. Bg5 {[%clk 00:06:26]} {[%emt
00:00:43]} Ndf6 {[%clk 00:05:45]} {[%emt 00:00:34]} 22. Qh4 {[%clk 00:06:12]}
{[%emt 00:00:18]} Nc7 {[%clk 00:05:14]} {[%emt 00:00:36]} 23. Bh6 {[%clk
00:06:14]} {[%emt 00:00:03]} Nxb5 {[%clk 00:05:08]} {[%emt 00:00:11]} 24. Bxg7+
{[%clk 00:06:16]} {[%emt 00:00:03]} Kxg7 {[%clk 00:05:12]} {[%emt 00:00:01]} 25.
Ne4 {[%clk 00:05:47]} {[%emt 00:00:34]} Ra4 {[%clk 00:05:03]} {[%emt 00:00:13]}
26. Nfd2 {[%clk 00:05:24]} {[%emt 00:00:28]} Nc7 {[%clk 00:04:57]} {[%emt
00:00:12]} 27. b3 {[%clk 00:05:13]} {[%emt 00:00:16]} Rab4 {[%clk 00:04:56]}
{[%emt 00:00:06]} 28. f3 {[%clk 00:04:57]} {[%emt 00:00:21]} Ncxd5 {[%clk
00:04:54]} {[%emt 00:00:07]} 29. Qg5 {[%clk 00:04:56]} {[%emt 00:00:05]} h6
{[%clk 00:04:33]} {[%emt 00:00:26]} 30. Qg3 {[%clk 00:04:53]} {[%emt 00:00:08]}
Nxe4 {[%clk 00:04:01]} {[%emt 00:00:37]} 31. fxe4 {[%clk 00:04:52]} {[%emt
00:00:06]} Nc7 {[%clk 00:03:52]} {[%emt 00:00:15]} 32. e5 {[%clk 00:04:56]}
{[%emt 00:00:02]} d5 {[%clk 00:03:55]} {[%emt 00:00:02]} 33. h4 {[%clk
00:04:38]} {[%emt 00:00:23]} Ne6 {[%clk 00:03:49]} {[%emt 00:00:10]} 34. h5
{[%clk 00:04:41]} {[%emt 00:00:02]} g5 {[%clk 00:03:52]} {[%emt 00:00:02]} 35.
Qf3 {[%clk 00:04:30]} {[%emt 00:00:16]} Rd8 {[%clk 00:03:42]} {[%emt 00:00:15]}
36. Qf5 {[%clk 00:04:21]} {[%emt 00:00:14]} d4 {[%clk 00:03:27]} {[%emt
00:00:20]} 37. e4 {[%clk 00:04:10]} {[%emt 00:00:16]} d3 {[%clk 00:03:20]}
{[%emt 00:00:12]} 38. Qf2 {[%clk 00:04:04]} {[%emt 00:00:11]} Rb7 {[%clk
00:03:04]} {[%emt 00:00:20]} 39. Qe3 {[%clk 00:03:48]} {[%emt 00:00:22]} Rbb8
{[%emt 00:00:18]} 40. Qf2 {[%clk 00:03:31]} {[%emt 00:00:20]} Ra8 {[%clk
00:02:53]} {[%emt 00:00:04]} 41. Nf1 {[%clk 00:03:31]} {[%emt 00:00:06]} Ra1
{[%clk 00:02:49]} {[%emt 00:00:09]} 42. Ne3 {[%clk 00:03:34]} {[%emt 00:00:01]}
d2 {[%clk 00:02:45]} {[%emt 00:00:09]} 43. Nf5+ {[%clk 00:03:38]} {[%emt
00:00:01]} Kf8 {[%clk 00:02:39]} {[%emt 00:00:11]} 44. Nxh6 {[%clk 00:03:40]}
{[%emt 00:00:03]} Nf4 {[%clk 00:02:41]} {[%emt 00:00:02]} 45. Qg3 {[%clk
00:03:37]} {[%emt 00:00:09]} d1=Q {[%clk 00:02:39]} {[%emt 00:00:07]} 46. Qxg5
{[%clk 00:03:37]} {[%emt 00:00:05]} Qg1+ {[%clk 00:02:39]} {[%emt 00:00:04]}
0-1

[Event "Torneo de Navidad Base y Senior - Casino Primitivo"]
[Site "Calle Maestra 3 (Palacio de Cultura) - Jaén, Spain"]
[Date "2023.12.16"]
[Round "4.2"]
[White "Molina Colmenero, Jose"]
[Black "Cobo Montejo, Miguel Angel"]
[Result "1/2-1/2"]
[TimeControl "10´ + 5\""]
[WhiteFideId "22226702"]
[BlackFideId "2276100"]
[WhiteElo "1758"]
[BlackElo "2015"]

1. d4 {[%clk 00:10:08]} {[%emt 00:00:02]} c5 {[%clk 00:10:08]} {[%emt
00:00:02]} 2. c3 {[%clk 00:10:07]} {[%emt 00:00:06]} Nf6 {[%clk 00:10:05]}
{[%emt 00:00:08]} 3. Bf4 {[%clk 00:10:10]} {[%emt 00:00:02]} cxd4 {[%clk
00:10:00]} {[%emt 00:00:11]} 4. cxd4 {[%clk 00:10:13]} {[%emt 00:00:02]} e6
{[%clk 00:09:45]} {[%emt 00:00:19]} 5. e3 {[%clk 00:10:05]} {[%emt 00:00:12]}
Qb6 {[%clk 00:09:36]} {[%emt 00:00:15]} 6. Qc2 {[%clk 00:09:32]} {[%emt
00:00:38]} Nc6 {[%clk 00:09:27]} {[%emt 00:00:14]} 7. Nc3 {[%clk 00:08:48]}
{[%emt 00:00:50]} a6 {[%clk 00:09:08]} {[%emt 00:00:24]} 8. a3 {[%clk
00:08:42]} {[%emt 00:00:11]} d5 {[%clk 00:08:55]} {[%emt 00:00:18]} 9. Nf3
{[%clk 00:08:45]} {[%emt 00:00:01]} Be7 {[%clk 00:08:54]} {[%emt 00:00:07]} 10.
Bd3 {[%clk 00:08:00]} {[%emt 00:00:50]} Bd7 {[%clk 00:08:39]} {[%emt 00:00:20]}
11. O-O {[%clk 00:08:02]} {[%emt 00:00:03]} Rc8 {[%clk 00:06:50]} {[%emt
00:01:54]} 12. Na4 {[%clk 00:07:47]} {[%emt 00:00:20]} Qa7 {[%clk 00:06:38]}
{[%emt 00:00:17]} 13. Nc5 {[%clk 00:07:25]} {[%emt 00:00:27]} b6 {[%clk
00:04:58]} {[%emt 00:01:44]} 14. Nxd7 {[%clk 00:07:27]} {[%emt 00:00:04]} Nxd7
{[%clk 00:04:54]} {[%emt 00:00:09]} 15. Qe2 {[%clk 00:06:38]} {[%emt 00:00:53]}
b5 {[%clk 00:04:44]} {[%emt 00:00:15]} 16. a4 {[%clk 00:06:43]} {[%emt
00:00:01]} bxa4 {[%clk 00:03:29]} {[%emt 00:01:20]} 17. Rxa4 {[%clk 00:06:45]}
{[%emt 00:00:02]} Nb4 {[%clk 00:03:10]} {[%emt 00:00:24]} 18. Rfa1 {[%clk
00:02:41]} {[%emt 00:04:09]} Nxd3 {[%clk 00:02:48]} {[%emt 00:00:27]} 19. Qxd3
{[%clk 00:02:44]} {[%emt 00:00:01]} O-O {[%clk 00:02:51]} {[%emt 00:00:02]} 20.
Rxa6 {[%clk 00:02:45]} {[%emt 00:00:05]} Qb7 {[%clk 00:02:32]} {[%emt
00:00:24]} 21. Ra7 {[%clk 00:02:26]} {[%emt 00:00:24]} Qxb2 {[%clk 00:01:47]}
{[%emt 00:00:50]} 22. h3 {[%clk 00:02:00]} {[%emt 00:00:31]} Bf6 {[%clk
00:01:33]} {[%emt 00:00:19]} 23. Rb1 {[%clk 00:01:25]} {[%emt 00:00:41]} Rc1+
{[%clk 00:01:33]} {[%emt 00:00:05]} 24. Rxc1 {[%emt 00:00:01]} Qxc1+ {[%clk
00:01:36]} 25. Kh2 {[%clk 00:01:34]} Nb6 {[%clk 00:01:27]} {[%emt 00:00:15]} 26.
Qb5 {[%clk 00:01:24]} {[%emt 00:00:14]} Nc4 {[%clk 00:01:23]} {[%emt 00:00:09]}
27. Qd7 {[%clk 00:00:48]} {[%emt 00:00:41]} h6 {[%clk 00:01:07]} {[%emt
00:00:22]} 28. Rc7 {[%clk 00:00:40]} {[%emt 00:00:13]} Qb2 {[%clk 00:01:06]}
{[%emt 00:00:06]} 29. Kg3 {[%clk 00:00:39]} {[%emt 00:00:05]} g5 {[%clk
00:00:34]} {[%emt 00:00:37]} 30. Bd6 {[%clk 00:00:40]} {[%emt 00:00:04]} Nxd6
{[%clk 00:00:34]} {[%emt 00:00:05]} 31. Qxd6 {[%clk 00:00:43]} Qb8 {[%clk
00:00:35]} {[%emt 00:00:05]} 32. Rd7 {[%clk 00:00:29]} {[%emt 00:00:17]} Qxd6+
{[%clk 00:00:38]} {[%emt 00:00:04]} 33. Rxd6 {[%clk 00:00:32]} Rd8 {[%clk
00:00:40]} {[%emt 00:00:04]} 34. Rxd8+ {[%emt 00:00:01]} Bxd8 {[%emt 00:00:01]}
1/2-1/2

[Event "Torneo de Navidad Base y Senior - Casino Primitivo"]
[Site "Calle Maestra 3 (Palacio de Cultura) - Jaén, Spain"]
[Date "2023.12.16"]
[Round "4.3"]
[White "Gamez Lara, Cesar Julio"]
[Black "Barruz Serrano, Antonio Angel"]
[Result "0-1"]
[TimeControl "10´ + 5\""]
[WhiteFideId "54506107"]
[BlackFideId "2287994"]
[WhiteElo "1692"]
[BlackElo "1895"]

1. e4 {[%clk 00:10:09]} c5 {[%clk 00:10:04]} {[%emt 00:00:06]} 2. Nf3 {[%clk
00:10:12]} {[%emt 00:00:02]} d6 {[%clk 00:10:07]} {[%emt 00:00:02]} 3. d4
{[%clk 00:10:15]} {[%emt 00:00:01]} cxd4 {[%clk 00:10:11]} {[%emt 00:00:02]} 4.
Nxd4 {[%clk 00:10:19]} {[%emt 00:00:01]} Nf6 {[%clk 00:10:14]} {[%emt
00:00:01]} 5. Bd3 {[%clk 00:09:35]} {[%emt 00:00:49]} Nc6 {[%clk 00:10:05]}
{[%emt 00:00:14]} 6. Nxc6 {[%clk 00:09:26]} {[%emt 00:00:14]} bxc6 {[%clk
00:10:09]} {[%emt 00:00:01]} 7. c4 {[%clk 00:09:30]} {[%emt 00:00:01]} g6
{[%clk 00:10:01]} {[%emt 00:00:13]} 8. O-O {[%clk 00:09:28]} {[%emt 00:00:07]}
Bg7 {[%clk 00:10:05]} {[%emt 00:00:01]} 9. Nc3 {[%clk 00:09:29]} {[%emt
00:00:04]} O-O {[%clk 00:10:05]} {[%emt 00:00:04]} 10. Be3 {[%clk 00:09:03]}
{[%emt 00:00:32]} Qc7 {[%clk 00:09:58]} {[%emt 00:00:12]} 11. f3 {[%clk
00:08:47]} {[%emt 00:00:21]} Rb8 {[%clk 00:09:32]} {[%emt 00:00:31]} 12. Qc2
{[%clk 00:08:39]} {[%emt 00:00:12]} Be6 {[%clk 00:09:06]} {[%emt 00:00:31]} 13.
Rab1 {[%clk 00:08:04]} {[%emt 00:00:40]} Nd7 {[%clk 00:07:46]} {[%emt
00:01:25]} 14. Qf2 {[%clk 00:07:52]} {[%emt 00:00:17]} Ne5 {[%clk 00:07:46]}
{[%emt 00:00:05]} 15. Qe2 {[%clk 00:07:33]} {[%emt 00:00:25]} Qa5 {[%clk
00:07:33]} {[%emt 00:00:18]} 16. Bd2 {[%clk 00:05:39]} {[%emt 00:01:59]} Nxd3
{[%clk 00:07:02]} {[%emt 00:00:36]} 17. Qxd3 {[%clk 00:05:43]} {[%emt
00:00:01]} Qc5+ {[%clk 00:07:06]} {[%emt 00:00:02]} 18. Be3 {[%clk 00:05:18]}
{[%emt 00:00:30]} Qxc4 {[%clk 00:07:09]} {[%emt 00:00:02]} 19. Qd2 {[%clk
00:05:05]} {[%emt 00:00:17]} Rb7 {[%clk 00:07:03]} {[%emt 00:00:11]} 20. Rfc1
{[%clk 00:04:51]} {[%emt 00:00:20]} Qa6 {[%clk 00:06:55]} {[%emt 00:00:12]} 21.
Bh6 {[%clk 00:04:20]} {[%emt 00:00:36]} Rfb8 {[%clk 00:05:31]} {[%emt
00:01:29]} 22. Bxg7 {[%clk 00:04:08]} {[%emt 00:00:18]} Kxg7 {[%clk 00:05:34]}
{[%emt 00:00:02]} 23. b3 {[%clk 00:04:05]} {[%emt 00:00:08]} Qb6+ {[%clk
00:05:10]} {[%emt 00:00:29]} 24. Kh1 {[%clk 00:04:08]} {[%emt 00:00:02]} Qb4
{[%clk 00:04:48]} {[%emt 00:00:27]} 25. Qd3 {[%clk 00:03:54]} {[%emt 00:00:18]}
Kg8 {[%clk 00:04:44]} {[%emt 00:00:09]} 26. Ne2 {[%clk 00:03:57]} {[%emt
00:00:02]} Qb5 {[%clk 00:04:47]} {[%emt 00:00:02]} 27. Qd2 {[%clk 00:03:38]}
{[%emt 00:00:23]} Bd7 {[%clk 00:04:45]} {[%emt 00:00:07]} 28. Nd4 {[%clk
00:03:29]} {[%emt 00:00:14]} Qb6 {[%clk 00:04:38]} {[%emt 00:00:13]} 29. Re1
{[%clk 00:02:50]} {[%emt 00:00:44]} Qb4 {[%clk 00:04:17]} {[%emt 00:00:25]} 30.
Qe3 {[%clk 00:02:41]} {[%emt 00:00:14]} c5 {[%clk 00:03:55]} {[%emt 00:00:28]}
31. Ne2 {[%clk 00:02:42]} {[%emt 00:00:04]} c4 {[%clk 00:03:58]} {[%emt
00:00:02]} 32. bxc4 {[%clk 00:01:44]} {[%emt 00:01:03]} Qxc4 {[%clk 00:03:54]}
{[%emt 00:00:09]} 33. Rxb7 {[%clk 00:01:44]} {[%emt 00:00:06]} Rxb7 {[%clk
00:03:57]} {[%emt 00:00:01]} 34. Qd2 {[%clk 00:01:31]} {[%emt 00:00:18]} Qb4
{[%clk 00:03:47]} {[%emt 00:00:15]} 35. Qc1 {[%clk 00:01:16]} {[%emt 00:00:21]}
Qb2 {[%clk 00:03:46]} {[%emt 00:00:05]} 36. Qd1 {[%clk 00:01:02]} {[%emt
00:00:18]} Qxa2 {[%clk 00:03:34]} {[%emt 00:00:17]} 37. Nc3 {[%clk 00:01:07]}
Qb3 {[%clk 00:03:31]} {[%emt 00:00:08]} 38. Qd4 {[%clk 00:00:52]} {[%emt
00:00:19]} Be6 {[%clk 00:03:27]} {[%emt 00:00:09]} 39. e5 {[%emt 00:00:22]} Qb6
{[%clk 00:03:25]} {[%emt 00:00:03]} 40. Qe4 {[%clk 00:00:34]} {[%emt 00:00:10]}
dxe5 {[%clk 00:03:27]} {[%emt 00:00:03]} 41. Qxe5 {[%clk 00:00:37]} {[%emt
00:00:02]} Qf2 {[%clk 00:03:21]} {[%emt 00:00:10]} 42. Nd1 {[%clk 00:00:12]}
{[%emt 00:00:31]} Qd2 {[%clk 00:03:11]} {[%emt 00:00:15]} 43. Qe4 {[%clk
00:00:09]} {[%emt 00:00:08]} Rb4 {[%clk 00:03:04]} {[%emt 00:00:12]} 0-1

[Event "Torneo de Navidad Base y Senior - Casino Primitivo"]
[Site "Calle Maestra 3 (Palacio de Cultura) - Jaén, Spain"]
[Date "2023.12.16"]
[Round "4.4"]
[White "Cano Padilla, Ruben Jesus"]
[Black "Castillo Gallego, Sergio"]
[Result "*"]
[TimeControl "10´ + 5\""]
[WhiteFideId "2253526"]
[BlackFideId "2202034"]
[WhiteElo "1850"]
[BlackElo "2100"]

1. e4 {[%clk 00:10:07]} {[%emt 00:00:02]} e5 {[%clk 00:10:09]} {[%emt
00:00:02]} 2. Nf3 {[%clk 00:10:11]} {[%emt 00:00:01]} Nc6 {[%clk 00:10:12]}
{[%emt 00:00:02]} 3. Bb5 {[%clk 00:10:14]} {[%emt 00:00:02]} Nge7 {[%clk
00:10:15]} {[%emt 00:00:02]} 4. c3 {[%clk 00:10:16]} {[%emt 00:00:03]} d5
{[%clk 00:10:19]} {[%emt 00:00:02]} 5. Nxe5 {[%clk 00:09:03]} {[%emt 00:01:17]}
dxe4 {[%clk 00:10:15]} {[%emt 00:00:09]} 6. d4 {[%clk 00:08:33]} {[%emt
00:00:35]} exd3 {[%clk 00:09:57]} {[%emt 00:00:23]} 7. Qxd3 {[%clk 00:08:17]}
{[%emt 00:00:21]} Qxd3 {[%clk 00:09:44]} {[%emt 00:00:19]} 8. Nxd3 {[%clk
00:08:19]} {[%emt 00:00:03]} Bf5 {[%clk 00:09:08]} {[%emt 00:00:40]} 9. Nf4
{[%clk 00:06:44]} {[%emt 00:01:41]} O-O-O {[%clk 00:09:01]} {[%emt 00:00:12]}
10. O-O {[%clk 00:06:03]} {[%emt 00:00:46]} Ne5 {[%clk 00:07:53]} {[%emt
00:01:14]} 11. Be3 {[%clk 00:05:15]} {[%emt 00:00:53]} a6 {[%clk 00:06:26]}
{[%emt 00:01:32]} 12. Be2 {[%clk 00:05:01]} {[%emt 00:00:18]} Ng4 {[%clk
00:06:16]} {[%emt 00:00:16]} 13. Bxg4 {[%clk 00:01:20]} {[%emt 00:03:46]} Bxg4
{[%clk 00:06:18]} {[%emt 00:00:03]} 14. Na3 {[%clk 00:01:21]} {[%emt 00:00:04]}
Nd5 {[%clk 00:06:07]} {[%emt 00:00:16]} 15. Nxd5 {[%clk 00:01:20]} {[%emt
00:00:06]} Rxd5 {[%clk 00:06:10]} {[%emt 00:00:02]} 16. f3 {[%clk 00:01:20]}
{[%emt 00:00:05]} Bf5 {[%clk 00:05:26]} {[%emt 00:00:49]} 17. Rad1 {[%clk
00:01:19]} {[%emt 00:00:06]} Rxd1 {[%clk 00:04:32]} {[%emt 00:00:59]} 18. Rxd1
{[%clk 00:01:22]} {[%emt 00:00:02]} Bxa3 {[%clk 00:04:35]} {[%emt 00:00:01]} 19.
bxa3 {[%clk 00:01:26]} {[%emt 00:00:01]} Be6 {[%clk 00:04:28]} {[%emt
00:00:11]} 20. Rd2 {[%clk 00:01:12]} {[%emt 00:00:20]} Bc4 {[%clk 00:04:13]}
{[%emt 00:00:20]} 21. Kf2 {[%clk 00:01:10]} {[%emt 00:00:07]} Re8 {[%clk
00:04:09]} {[%emt 00:00:08]} 22. Bf4 {[%clk 00:00:54]} {[%emt 00:00:22]} Re6
{[%clk 00:03:56]} {[%emt 00:00:18]} 23. Bg5 {[%clk 00:00:44]} {[%emt 00:00:14]}
f6 {[%clk 00:03:57]} {[%emt 00:00:04]} 24. Be3 {[%clk 00:00:47]} {[%emt
00:00:02]} Re5 {[%clk 00:03:39]} {[%emt 00:00:23]} 25. Rd4 {[%clk 00:00:42]}
{[%emt 00:00:10]} Bxa2 {[%clk 00:03:36]} {[%emt 00:00:08]} 26. Rh4 {[%clk
00:00:34]} {[%emt 00:00:14]} h6 {[%clk 00:03:29]} {[%emt 00:00:12]} 27. Rg4
{[%clk 00:00:36]} {[%emt 00:00:03]} g5 {[%clk 00:03:24]} {[%emt 00:00:10]} 28.
h4 {[%clk 00:00:16]} {[%emt 00:00:26]} Ra5 {[%clk 00:02:50]} {[%emt 00:00:39]}
29. hxg5 {[%clk 00:00:18]} {[%emt 00:00:03]} hxg5 {[%clk 00:02:52]} {[%emt
00:00:02]} 30. Bd4 {[%clk 00:00:18]} {[%emt 00:00:05]} Rf5 {[%clk 00:01:49]}
{[%emt 00:01:07]} 31. Re4 {[%clk 00:00:17]} {[%emt 00:00:06]} Bd5 {[%clk
00:01:33]} {[%emt 00:00:22]} 32. Re7 {[%clk 00:00:14]} {[%emt 00:00:08]} b5
{[%clk 00:01:15]} {[%emt 00:00:23]} 33. Rg7 {[%clk 00:00:09]} {[%emt 00:00:09]}
a5 {[%clk 00:01:04]} {[%emt 00:00:16]} 34. Rg6 {[%clk 00:00:13]} {[%emt
00:00:02]} c5 {[%clk 00:00:33]} {[%emt 00:00:36]} 35. Rxf6 {[%clk 00:00:14]}
{[%emt 00:00:03]} Rxf6 {[%clk 00:00:09]} {[%emt 00:00:29]} 36. Bxf6 {[%clk
00:00:18]} {[%emt 00:00:01]} g4 {[%clk 00:00:10]} {[%emt 00:00:05]} 37. fxg4
{[%clk 00:00:22]} {[%emt 00:00:02]} Kd7 {[%clk 00:00:11]} {[%emt 00:00:04]} 38.
Bg5 {[%clk 00:00:22]} {[%emt 00:00:04]} Ke6 {[%clk 00:00:12]} {[%emt 00:00:04]}
39. Bf4 {[%clk 00:00:25]} {[%emt 00:00:02]} Be4 {[%clk 00:00:13]} {[%emt
00:00:04]} 40. Be3 {[%clk 00:00:29]} {[%emt 00:00:01]} Kd5 {[%clk 00:00:17]} 41.
Ke2 {[%clk 00:00:31]} {[%emt 00:00:03]} Kc4 {[%clk 00:00:21]} {[%emt 00:00:01]}
42. Kd2 {[%clk 00:00:35]} Bxg2 {[%clk 00:00:25]} {[%emt 00:00:01]} 43. g5
{[%clk 00:00:40]} Be4 {[%clk 00:00:29]} {[%emt 00:00:01]} 44. Bf2 {[%clk
00:00:42]} {[%emt 00:00:03]} a4 {[%clk 00:00:31]} {[%emt 00:00:03]} 45. Be3
{[%clk 00:00:45]} {[%emt 00:00:02]} Bg6 {[%clk 00:00:33]} {[%emt 00:00:03]} 46.
Bf2 {[%clk 00:00:49]} {[%emt 00:00:01]} Kd5 {[%clk 00:00:32]} {[%emt 00:00:06]}
47. Be3 {[%clk 00:00:53]} Bb1 {[%clk 00:00:33]} {[%emt 00:00:04]} 48. Kc1
{[%clk 00:00:56]} {[%emt 00:00:02]} Bf5 {[%clk 00:00:35]} {[%emt 00:00:03]} 49.
Kb2 {[%clk 00:01:00]} {[%emt 00:00:01]} Kc4 {[%clk 00:00:38]} {[%emt 00:00:02]}
50. Bf4 {[%clk 00:01:03]} {[%emt 00:00:02]} Kd3 {[%clk 00:00:25]} {[%emt
00:00:17]} 51. Bd6 {[%clk 00:01:05]} {[%emt 00:00:03]} Kc4 {[%clk 00:00:23]}
{[%emt 00:00:07]} 52. Be7 {[%clk 00:01:08]} {[%emt 00:00:02]} Bg6 {[%clk
00:00:13]} {[%emt 00:00:16]} 53. Bf8 {[%clk 00:01:10]} {[%emt 00:00:03]} Bf5
{[%clk 00:00:14]} {[%emt 00:00:04]} 54. Be7 {[%clk 00:01:14]} {[%emt 00:00:01]}
Bg6 {[%clk 00:00:17]} {[%emt 00:00:02]} 55. Bf8 {[%clk 00:01:18]} {[%emt
00:00:01]} Bf5 {[%clk 00:00:21]} {[%emt 00:00:01]} *

[Event "Torneo de Navidad Base y Senior - Casino Primitivo"]
[Site "Calle Maestra 3 (Palacio de Cultura) - Jaén, Spain"]
[Date "2023.12.16"]
[Round "4.6"]
[White "Lirio Palomino, Javier"]
[Black "Rodriguez Reinoso, Victoriano"]
[Result "1-0"]
[TimeControl "10´ + 5\""]
[WhiteFideId "54766338"]
[BlackFideId "2202425"]
[WhiteElo "1385"]
[BlackElo "2069"]

1. e4 {[%clk 00:10:07]} {[%emt 00:00:03]} c5 {[%clk 00:10:07]} {[%emt
00:00:03]} 2. Nc3 {[%clk 00:10:10]} {[%emt 00:00:02]} e6 {[%clk 00:10:10]}
{[%emt 00:00:02]} 3. g3 {[%clk 00:10:06]} {[%emt 00:00:09]} Nc6 {[%clk
00:10:12]} {[%emt 00:00:04]} 4. Bg2 {[%clk 00:10:08]} {[%emt 00:00:03]} g6
{[%clk 00:10:14]} {[%emt 00:00:02]} 5. Nge2 {[%clk 00:10:09]} {[%emt 00:00:04]}
Bg7 {[%clk 00:10:15]} {[%emt 00:00:05]} 6. O-O {[%clk 00:10:06]} {[%emt
00:00:08]} Nge7 {[%clk 00:10:17]} {[%emt 00:00:03]} 7. d3 {[%clk 00:10:08]}
{[%emt 00:00:03]} O-O {[%clk 00:10:14]} {[%emt 00:00:08]} 8. Be3 {[%clk
00:10:06]} {[%emt 00:00:07]} b6 {[%clk 00:10:02]} {[%emt 00:00:17]} 9. Qd2
{[%clk 00:10:08]} {[%emt 00:00:03]} Nd4 {[%clk 00:09:21]} {[%emt 00:00:45]} 10.
e5 {[%clk 00:09:29]} {[%emt 00:00:44]} Rb8 {[%clk 00:09:07]} {[%emt 00:00:18]}
11. Nxd4 {[%clk 00:09:31]} {[%emt 00:00:04]} cxd4 {[%clk 00:09:08]} {[%emt
00:00:04]} 12. Bxd4 {[%clk 00:09:32]} {[%emt 00:00:04]} Nc6 {[%clk 00:09:04]}
{[%emt 00:00:09]} 13. Qe3 {[%clk 00:09:09]} {[%emt 00:00:29]} Qc7 {[%clk
00:08:33]} {[%emt 00:00:35]} 14. Nb5 {[%clk 00:09:01]} {[%emt 00:00:13]} Qd8
{[%clk 00:08:25]} {[%emt 00:00:13]} 15. Nd6 {[%clk 00:08:30]} {[%emt 00:00:36]}
Nxd4 {[%clk 00:07:55]} {[%emt 00:00:35]} 16. Qxd4 {[%clk 00:08:30]} {[%emt
00:00:05]} Qc7 {[%clk 00:07:35]} {[%emt 00:00:25]} 17. c3 {[%clk 00:08:19]}
{[%emt 00:00:17]} Ba6 {[%clk 00:06:57]} {[%emt 00:00:41]} 18. c4 {[%clk
00:07:37]} {[%emt 00:00:49]} Qc5 {[%clk 00:06:29]} {[%emt 00:00:33]} 19. Qxc5
{[%clk 00:06:50]} {[%emt 00:00:53]} bxc5 {[%clk 00:06:31]} {[%emt 00:00:02]} 20.
f4 {[%clk 00:06:23]} {[%emt 00:00:33]} Rxb2 {[%clk 00:06:30]} {[%emt 00:00:06]}
21. Ne4 {[%clk 00:05:43]} {[%emt 00:00:44]} Rc8 {[%clk 00:05:00]} {[%emt
00:01:36]} 22. Rf2 {[%clk 00:04:44]} {[%emt 00:01:04]} Rb6 {[%clk 00:04:32]}
{[%emt 00:00:31]} 23. Rff1 {[%clk 00:04:12]} {[%emt 00:00:39]} d5 {[%clk
00:04:06]} {[%emt 00:00:32]} 24. cxd5 {[%clk 00:03:53]} {[%emt 00:00:24]} exd5
{[%clk 00:04:06]} {[%emt 00:00:05]} 25. Nc3 {[%clk 00:02:54]} {[%emt 00:01:04]}
d4 {[%clk 00:03:50]} {[%emt 00:00:20]} 26. Nd5 {[%clk 00:02:52]} {[%emt
00:00:08]} Rb7 {[%clk 00:03:36]} {[%emt 00:00:18]} 27. Nf6+ {[%clk 00:02:41]}
{[%emt 00:00:17]} Bxf6 {[%clk 00:03:36]} {[%emt 00:00:05]} 28. Bxb7 {[%clk
00:02:44]} {[%emt 00:00:02]} Bxb7 {[%clk 00:03:38]} {[%emt 00:00:03]} 29. exf6
{[%clk 00:02:47]} {[%emt 00:00:02]} Ba6 {[%clk 00:03:38]} {[%emt 00:00:05]} 30.
Rfd1 {[%clk 00:02:12]} {[%emt 00:00:39]} Rc6 {[%clk 00:03:28]} {[%emt
00:00:16]} 31. Rac1 {[%clk 00:02:15]} {[%emt 00:00:02]} Rxf6 {[%clk 00:03:15]}
{[%emt 00:00:18]} 32. Rxc5 {[%clk 00:02:16]} {[%emt 00:00:04]} Rb6 {[%clk
00:03:02]} {[%emt 00:00:18]} 33. Rd5 {[%clk 00:01:52]} {[%emt 00:00:28]} Rb2
{[%clk 00:02:58]} {[%emt 00:00:09]} 34. Rxd4 {[%clk 00:01:55]} {[%emt
00:00:02]} Bb7 {[%clk 00:03:00]} {[%emt 00:00:04]} 35. Rd7 {[%clk 00:01:29]}
{[%emt 00:00:30]} Bf3 {[%clk 00:03:01]} {[%emt 00:00:04]} 36. Rc1 {[%clk
00:01:18]} {[%emt 00:00:10]} Rg2+ {[%clk 00:01:58]} {[%emt 00:01:13]} 37. Kf1
{[%clk 00:01:21]} {[%emt 00:00:03]} Rxh2 {[%clk 00:02:00]} {[%emt 00:00:02]} 38.
Rcc7 {[%clk 00:01:23]} {[%emt 00:00:03]} Rxa2 {[%clk 00:01:55]} {[%emt
00:00:10]} 39. Rxf7 {[%clk 00:01:26]} {[%emt 00:00:02]} Be2+ {[%clk 00:01:48]}
{[%emt 00:00:12]} 40. Ke1 {[%clk 00:01:24]} {[%emt 00:00:08]} Bxd3 {[%clk
00:01:51]} {[%emt 00:00:02]} 41. Rfd7 {[%clk 00:01:25]} {[%emt 00:00:03]} Re2+
{[%clk 00:01:40]} {[%emt 00:00:17]} 42. Kd1 {[%clk 00:01:28]} {[%emt 00:00:03]}
Re8 {[%clk 00:01:41]} {[%emt 00:00:03]} 43. Rxd3 {[%emt 00:00:37]} 1-0